Music Quiz

Random Music or Artist Quiz

Song clips , name the artist from the intro Quiz Stats

 Plays Quiz not verified by Sporcle

Challenge
Share
Tweet
Score 0/23 Timer 14:00
0 Plays Today
Time The artist % Correct
1.29 to 1.41The Black Eyed Peas
81%
2.18 to 2.30Kylie Minogue
75.9%
3.10 to 3.22Kings of Leon
75.9%
25 to 39 secondsCarole King
71.6%
3.35 to 3.48Avril Lavigne
67.2%
2.43 to 2.56 Amy Winehouse
63.8%
1.09 to1.17The Cranberries
62.1%
1.52 to 2.06Bruce Springsteen
55.2%
1.41 to 1.52Keane
52.6%
2.06 to 2.18AC DC
52.6%
39 to 52 seconds (not Sia)David Guetta
50%
2.30 to 2.43 Fall out boy
46.6%
Time The artist % Correct
4.42 to 4.56Radiohead
46.6%
4.02 to 4.18Pearl Jam
39.7%
4.30 to 4.42The Ting Tings
39.7%
0 to 11 secondsRihanna
29.3%
1.17 to 1.29Taylor Swift
24.1%
11 to 25 secondsPortishead
21.6%
3.48 to 4.02Heart
19.8%
4.18 to 4.30Crystal Gayle
19%
52 seconds to 1.09Prince
17.2%
3.22 to 3.35Stereophonics
12.9%
2.56 to 3.10Bon Jovi
11.2%

You're not logged in!

Compare scores with friends on all Sporcle quizzes.
Join for Free
OR
Log In

You Might Also Like...

Show Comments

Extras

Top Quizzes Today


Score Distribution

Your Account Isn't Verified!

In order to create a playlist on Sporcle, you need to verify the email address you used during registration. Go to your Sporcle Settings to finish the process.

Report this User

Report this user for behavior that violates our Community Guidelines.

Details: